Central Library OPAC University of Rajshahi

Measure for measure / (Record no. 55688)

MARC details
000 -LEADER
fixed length control field 01011nam a2200265 a 4500
001 - CONTROL NUMBER
control field 55688
003 - CONTROL NUMBER IDENTIFIER
rucl marc code BD-RjUL
005 - DATE AND TIME OF LATEST TRANSACTION
control field 20211209080312.0
008 - FIXED-LENGTH DATA ELEMENTS--GENERAL INFORMATION
fixed length control field 161121r19611922xx 000 0 eng
035 ## - SYSTEM CONTROL NUMBER
System control number (BD-RjUL)55812
040 ## - CATALOGING SOURCE
Original cataloging agency DLC
Transcribing agency OTU
Modifying agency NNU
-- CStRLIN
-- NNC
-- BD-RjUL
Language of cataloging eng
041 ## - LANGUAGE CODE
Language code of text/sound track or separate title eng
082 ## - DEWEY DECIMAL CLASSIFICATION NUMBER
Edition number 23
Classification number 822.33
Author mark and year SHM 1961
100 1# - MAIN ENTRY--PERSONAL NAME
Personal name Shakespeare, William,
Dates associated with a name 1564-1616.
9 (RLIN) 165863
245 10 - TITLE STATEMENT
Title Measure for measure /
Statement of responsibility, etc. William, Shakespeare and Quiller-Couch, Wilson, John Dover
260 ## - PUBLICATION, DISTRIBUTION, ETC. (IMPRINT)
Place of publication, distribution, etc. Cambridge :
Name of publisher, distributor, etc. The University press,
Date of publication, distribution, etc. c1922 [reprinted 1050,1961]
300 ## - PHYSICAL DESCRIPTION
Pagination xliii, [1], 176 p ;
Size 19 cm.
490 1# - SERIES STATEMENT
Series statement Works of Shakespeare, ed. for the syndics of the Cambridge University press, by Sir A. Quiller-Couch and J. D. Wilson
500 ## - GENERAL NOTE
General note Index
600 ## - SUBJECT ADDED ENTRY--PERSONAL NAME
Personal name William, Shakespeare
650 ## - SUBJECT ADDED ENTRY--TOPICAL TERM
Topical term or geographic name as entry element Measure for measure (Shakespeare, William)
9 (RLIN) 166437
700 1# - ADDED ENTRY--PERSONAL NAME
Personal name Quiller-Couch, Arthur,
Dates associated with a name 1863-1944.
Personal name Wilson, John Dover,
Dates associated with a name 1881-1969.
942 ## - ADDED ENTRY ELEMENTS (KOHA)
Source of classification or shelving scheme Dewey Decimal Classification
Koha item type Books
Holdings
Lost status Source of classification or shelving scheme Damaged status Not for loan Collection code Permanent Location Current Location Shelving location Date acquired Source of acquisition Cost, normal purchase price Total Checkouts Full call number Date last seen Copy number Koha item type
  Dewey Decimal Classification     Non-fiction Central Library, University of Rajshahi Central Library, University of Rajshahi   19/02/1963 Zeittinger 0.00   822.33 SHM 1961 21/11/2016 C-2 Books